[Event "FIDE Womens Grand Swiss 2021"]
[Site "Riga"]
[Date "2021.10.27"]
[Round "1.1"]
[White "Maltsevskaya, Aleksandra"]
[Black "Muzychuk, Mariya"]
[Result "1/2-1/2"]
[WhiteElo "2411"]
[BlackElo "2536"]
[Annotator "TA"]
[PlyCount "80"]
[EventDate "2021.10.27"]
[EventType "swiss"]
[EventCountry "LAT"]
[Tiebreak "Cut1 Buchholz+Sonneborn-Berger (Swiss)"]
[SourceTitle "playchess.com"]
[Source "ChessBase"]
[SourceQuality "1"]

{[%evp 11,80,10,22,20,20,11,27,0,0,0,20,2,13,0,7,-10,0,-17,-23,-11,14,14,23,22,
27,22,27,28,28,28,24,33,25,25,32,20,34,17,22,20,22,20,81,69,67,54,74,66,127,
129,129,137,156,156,337,310,479,482,434,168,168,76,98,98,98,98,98,0,0,0,0]} 1.
c4 c5 2. Nf3 Nc6 3. d4 cxd4 4. Nxd4 Nf6 5. Nc3 e6 6. a3 Bc5 7. Nb3 {A33:
Symmetrical English: 2 Nf3 Nf6 3 d4 cxd4 4 Nxd4 e6 5 Nc3 Nc6.} Bb6 8. c5 Bc7 9.
g3 {White has an edge. 9.Bg5 is not played anymore.} b6 10. Bg2 Be5 11. O-O O-O
12. Be3 Rb8 {[#]} 13. h3 $146 ({Predecessor:} 13. Rc1 Ng4 14. Bd2 bxc5 15. Nxc5
Nf6 16. b4 a5 17. b5 Bxc3 18. Bxc3 Rxb5 19. Qa4 {1-0 (44) Navara,D (2737)
-Cheparinov,I (2696) Tbilisi 2017}) 13... Ba6 (13... Bb7 {keeps more tension.}
14. Rb1 Ne7 15. Bxb7 Rxb7 16. Qd3 d6) 14. cxb6 axb6 15. Nd4 Nxd4 16. Bxd4 Bxd4
17. Qxd4 d5 18. Rfd1 Qe7 19. e4 dxe4 20. Nxe4 Nd5 21. Nc3 Nxc3 22. Qxc3 Rfc8
23. Qd4 (23. Qe5 {looks sharper.} Bb7 24. Bxb7 Qxb7 25. a4 Ra8 26. b4) 23...
Bb7 24. Bxb7 Qxb7 25. a4 h5 26. b4 {[%cal Bb2b4,Bb4a5,Ba5a6,Ba6a7][%mdl 32]}
Rc2 (26... Ra8 $11) 27. a5 bxa5 28. bxa5 Qa6 {[#]} 29. Qf4 $1 {[%cal Rf4b8]}
Qa7 {[#]} (29... Rbc8 $14) 30. Rd7 $3 $16 {[%mdl 576] Deflection} Qxd7 31.
Qxb8+ {[%mdl 4096] Endgame KQR-KQR} Kh7 32. Qe5 {Black must now prevent Qe4+.}
f5 (32... Kg8 $16 33. Qe3 Rc7) 33. a6 $18 Rc8 (33... Qd2 $142 34. Qf4 Qxf4 35.
gxf4 Rc8) 34. a7 Ra8 35. Qe3 (35. Qb8 Qc6 36. Re1) 35... Qb7 36. h4 (36. Ra4
$18 {has better winning chances.}) 36... e5 $16 37. Ra5 g6 38. Qc5 f4 39. Qxe5
({Better is} 39. gxf4 $16 exf4 40. Qd4) 39... fxg3 $11 {Threatens to win with .
..Rc8.} 40. Qxg3 {Hoping for Qd3!} Rxa7 {Weighted Error Value: White=0.17/
Black=0.18} 1/2-1/2

[Event "FIDE Womens Grand Swiss 2021"]
[Site "Riga"]
[Date "2021.10.27"]
[Round "1.2"]
[White "Dzagnidze, Nana"]
[Black "Girya, Olga"]
[Result "1-0"]
[WhiteElo "2524"]
[BlackElo "2410"]
[Annotator "ChessBase"]
[PlyCount "115"]
[EventDate "2021.10.27"]
[EventType "swiss"]
[EventCountry "LAT"]
[Tiebreak "Cut1 Buchholz+Sonneborn-Berger (Swiss)"]
[SourceTitle "playchess.com"]
[Source "ChessBase"]
[SourceQuality "1"]
[TimeControl "40/6000+30:20/3000+30:900+30"]

1. Nf3 {[%emt 0:10:06]} Nf6 {[%emt 0:10:11]} 2. c4 {[%emt 0:00:21]} e6 {
[%emt 0:00:06]} 3. g3 {[%emt 0:01:22]} d5 {[%emt 0:00:13]} 4. d4 {[%emt 0:00:
55]} Be7 {[%emt 0:00:23]} 5. Bg2 {[%emt 0:00:07]} O-O {[%emt 0:00:06]} 6. O-O {
[%emt 0:00:11]} dxc4 {[%emt 0:00:04]} 7. Qc2 {[%emt 0:00:16]} a6 {[%emt 0:00:
38]} 8. a4 {[%emt 0:00:38]} Bd7 {[%emt 0:00:35]} 9. Qxc4 {[%emt 0:00:52]} Bc6 {
[%emt 0:00:24]} 10. Bf4 {[%emt 0:00:17]} Bd6 {[%emt 0:03:20]} 11. Qc1 {[%emt 0:
01:08]} a5 {[%emt 0:01:28]} 12. Nc3 {[%emt 0:01:01]} Na6 {[%emt 0:00:43]} 13.
Rd1 {[%emt 0:08:55]} Nb4 {[%emt 0:00:44]} 14. Ne5 {[%emt 0:05:06]} Bxg2 {
[%emt 0:00:29]} 15. Kxg2 {[%emt 0:00:02]} Nfd5 {[%emt 0:08:19]} 16. Bd2 {
[%emt 0:12:30]} c5 {[%emt 0:20:07]} 17. Nb5 {[%emt 0:05:24]} cxd4 {[%emt 0:01:
45]} 18. Bxb4 {[%emt 0:00:22]} axb4 {[%emt 0:10:15]} 19. Nc4 {[%emt 0:00:26]}
Bc5 {[%emt 0:00:34]} 20. Nxd4 {[%emt 0:02:41]} Bxd4 {[%emt 0:02:00]} 21. Rxd4 {
[%emt 0:00:15]} Qf6 {[%emt 0:05:01]} 22. e3 {[%emt 0:02:31]} Rfd8 {[%emt 0:15:
12]} 23. Qd1 {[%emt 0:15:06]} h6 {[%emt 0:02:43]} 24. a5 {[%emt 0:12:59]} Rac8
{[%emt 0:09:18]} 25. Rc1 {[%emt 0:04:29]} Qe7 {[%emt 0:03:52]} 26. e4 {[%emt 0:
03:43]} Nf6 {[%emt 0:00:19]} 27. Nb6 {[%emt 0:01:41]} Rxc1 {[%emt 0:02:13]} 28.
Rxd8+ {[%emt 0:00:11]} Kh7 {[%emt 0:00:05]} 29. Qxc1 {[%emt 0:05:22]} Qxd8 {
[%emt 0:00:02]} 30. e5 {[%emt 0:00:06]} Nd5 {[%emt 0:02:36]} 31. Qc8 {[%emt 0:
07:58]} Qg5 {[%emt 0:01:14]} 32. Nxd5 {[%emt 0:00:26]} exd5 {[%emt 0:00:52]}
33. Qxb7 {[%emt 0:00:06]} Qxe5 {[%emt 0:00:37]} 34. Qxb4 {[%emt 0:00:14]} d4 {
[%emt 0:02:22]} 35. Qd2 {[%emt 0:00:52]} Qd5+ {[%emt 0:00:51]} 36. Kg1 {
[%emt 0:01:59]} d3 {[%emt 0:00:21]} 37. a6 {[%emt 0:00:12]} Qc4 {[%emt 0:07:51]
} 38. a7 {[%emt 0:00:13]} Qc2 {[%emt 0:00:11]} 39. Qc3 {[%emt 0:06:49]} Qxc3 {
[%emt 0:00:05]} 40. bxc3 {[%emt 0:00:03]} d2 {[%emt 0:00:04]} 41. a8=Q {
[%emt 0:50:07]} d1=Q+ {[%emt 0:50:03]} 42. Kg2 {[%emt 0:00:06]} Qd3 {[%emt 0:
00:00]} 43. Qc6 {[%emt 0:00:00]} g5 {[%emt 0:00:00]} 44. c4 {[%emt 0:00:00]} f5
{[%emt 0:00:00]} 45. Qd5 {[%emt 0:00:00]} Qc2 {[%emt 0:00:00]} 46. h3 {[%emt 0:
00:00]} Kg7 {[%emt 0:00:00]} 47. c5 {[%emt 0:00:00]} h5 {[%emt 0:00:00]} 48. c6
{[%emt 0:00:00]} g4 {[%emt 0:00:00]} 49. h4 {[%emt 0:00:00]} Kf6 {[%emt 0:00:
47]} 50. Qd6+ {[%emt 0:00:00]} Kf7 {[%emt 0:00:06]} 51. c7 {[%emt 0:00:00]}
Qe4+ {[%emt 0:00:20]} 52. Kf1 {[%emt 0:00:00]} Qc4+ {[%emt 0:03:48]} 53. Ke1 {
[%emt 0:00:00]} Qc1+ {[%emt 0:02:58]} 54. Ke2 {[%emt 0:00:00]} Qc2+ {[%emt 0:
00:07]} 55. Ke3 {[%emt 0:00:00]} Qc1+ {[%emt 0:00:31]} 56. Kd4 {[%emt 0:00:00]}
Qb2+ {[%emt 0:00:33]} 57. Kc5 {[%emt 0:02:10]} Qxf2+ {[%emt 0:00:56]} 58. Qd4 {
[%emt 0:00:48]} 1-0

[Event "FIDE Womens Grand Swiss 2021"]
[Site "Riga"]
[Date "2021.10.27"]
[Round "1.3"]
[White "Milliet, Sophie"]
[Black "Kosteniuk, Alexandra"]
[Result "0-1"]
[WhiteElo "2410"]
[BlackElo "2518"]
[Annotator "TA"]
[PlyCount "156"]
[EventDate "2021.10.27"]
[EventType "swiss"]
[EventCountry "LAT"]
[Tiebreak "Cut1 Buchholz+Sonneborn-Berger (Swiss)"]
[SourceTitle "playchess.com"]
[Source "ChessBase"]
[SourceQuality "1"]

{[%evp 9,156,4,-14,2,36,45,90,92,86,95,112,45,54,-12,118,109,105,114,107,111,
114,107,109,54,46,53,200,58,148,-2,62,60,72,68,64,-73,-71,-86,-62,-66,-69,-109,
-110,-99,-106,-117,-111,-206,-107,-112,-102,-125,-118,-105,-73,-102,-85,-139,
-121,-137,-120,-207,-202,-187,-52,-47,0,0,0,-29,-25,-31,-31,-31,-28,-46,-22,
-43,-25,-86,-28,-28,-29,-29,-29,-33,-29,-53,-20,-23,-8,-23,-23,-32,-23,-31,-32,
-30,-2,-8,0,0,0,-20,-8,-8,-8,-29,-29,-42,-42,-68,-57,-57,-57,-80,-83,-57,-58,
-88,-87,-90,-58,-52,-32,-53,-15,-8,0,-12,-12,-12,-14,-9,-16,-61,-61,-46,-56,
-150,-154,-442,-438,-739,-727,-1222,-1204,-1616,-1551]} 1. e4 c6 2. d4 d5 3. e5
c5 4. dxc5 e6 5. c3 Nc6 6. Nf3 {B12: Caro-Kann: Advance Variation.} Qc7 7. b4
Nxe5 8. Bf4 {White is better.} Nxf3+ 9. Qxf3 Qd8 10. Na3 (10. c4 $1 $16) 10...
a6 $1 $14 {[#]} 11. Bd3 $146 (11. Rd1 $14) ({Predecessor:} 11. Rd1 Nf6 12. Nc4
Bd7 13. Nb6 Be7 14. Nxa8 Qxa8 15. Bd3 e5 16. Bxe5 Bg4 17. Qe3 Bxd1 18. Bxf6
gxf6 19. Kxd1 {1-0 (41) Sargin,A (2088)-Fredrich,V (2005) Bayern 2007}) 11...
g6 (11... Qf6 $11 12. Kd2 g6) 12. O-O $36 {[%mdl 2048] White is really pushing.
} Bg7 13. Rad1 Bd7 14. c4 Ne7 15. cxd5 $1 exd5 {[#]} 16. Bg5 (16. Nc4 $1 $16 {
[%cal Rc4d6][%mdl 512] Black must now prevent Nd6+.} dxc4 17. Bxc4) 16... O-O
17. Rfe1 Re8 {[#]} (17... Be6 $1 $14) 18. Bc2 (18. Nc4 $1 $18 {[%cal Rc4d6]
[%mdl 512]} f6 19. Nd6 (19. Bxf6 Ba4 $18) 19... fxg5 20. Qf7+ {[%mdl 64]
Double Attack} Kh8 21. Nxe8 Bxe8 22. Qxe7) 18... h6 {[#]} (18... Bc6 $14) 19.
Bh4 (19. Bxg6 $1 $16 {[%mdl 512]} fxg6 20. Rxe7 {[%mdl 64] Remove Defender}
Rxe7 21. Qxd5+ {[%mdl 64] Double Attack} Kh8 22. Bxe7 Qxe7 23. Qxd7) 19... g5 (
{Better is} 19... Bc6 $11) 20. Bg3 a5 21. b5 Qc8 22. Bd6 {[#]} (22. Rc1 $14 {
keeps the upper hand.}) 22... Bg4 $1 $17 23. Qd3 Nf5 24. Rxe8+ Qxe8 25. f3 Nxd6
26. cxd6 Be6 27. Bb3 Rd8 28. b6 {[#]} (28. Qd2 $17 {was called for.}) 28...
Rxd6 ({Black should play} 28... a4 $1 $19 {[%cal Ra4b3]} 29. Bc2 Rxd6) 29. Nb5
Rxb6 30. Nc7 Qf8 31. Nxd5 Rc6 {[%cal Bb6c6,Bc6c8,Bc8e8][%mdl 32]} 32. Kh1 Qc5
33. a4 (33. h3 $142) 33... Rc8 34. h3 Kf8 35. Qe4 (35. Ne3 $17 {was necessary.}
) 35... Re8 $19 36. Qd3 Qd6 (36... Qf2 $19 37. f4 g4) 37. Qb5 $15 Qg3 (37...
Bxd5 $5 38. Qxa5 {[#]} Qg3 $1 39. Qc5+ (39. Qxd5 $2 Re1+ 40. Rxe1 Qxe1+ 41. Kh2
Be5+ 42. Qxe5 {[%mdl 64] Remove Defender} Qxe5+ $19) (39. Bxd5 Kg8 $15) 39...
Kg8 40. Bxd5 (40. Qxd5 $2 Re1+ 41. Rxe1 Qxe1+ 42. Kh2 Be5+ 43. Qxe5 {[%mdl 64]
Remove Defender} Qxe5+ $19) 40... Re1+ 41. Rxe1 Qxe1+ 42. Qg1 Qb4 $15) 38. Qc5+
$1 Kg8 39. Qb5 Qb8 40. Qxa5 Kh8 41. Qb5 Rd8 42. Qd3 Qg3 {With the idea ...Be5.}
43. Qe4 {Bc2 is the strong threat.} Rd6 44. Rd3 (44. Kg1 $11 {keeps the
balance.}) 44... Qe5 (44... Qf2 $17 {Hoping for ...f5.} 45. Bc4 Qb2) 45. Qxe5
$11 Bxe5 46. g4 Kg7 47. Kg2 h5 48. Kf1 h4 49. Ke2 Bg3 50. Ke3 Rc6 51. Kd2 Bd6
52. Kd1 Ra6 53. Kc2 Bf8 54. Ne3 Kf6 55. Nd5+ Kg6 56. Kd1 Rd6 57. Kc2 Kg7 58.
Kd1 Bd7 59. Kc2 Bc6 60. Kd1 Rd8 61. Kc2 Bc5 62. Kc3 Re8 63. Kd2 Bf2 64. f4 Be1+
65. Kd1 Bg3 66. fxg5 Re1+ 67. Kd2 {Strongly threatening Rxg3!} Re5 68. Kc3 Rxg5
69. Ne3 Be1+ 70. Kb2 Re5 71. Nf5+ Kf6 72. Nd4 Be4 $1 {[%cal Re4d3]} 73. Rd1 Bg2
{Threatens to win with ...Re3.} 74. Bc4 (74. Rd3 $1 $15) 74... Bf2 $17 {
aiming for ...Re4.} ({But not} 74... Bxh3 75. g5+ Kg7 76. Nf3 $15) 75. Kc3 $2 (
75. Bf1 $17) 75... Bxh3 $19 {Black is clearly winning.} 76. Rh1 (76. Nf3 $142
Re3+ 77. Rd3 Rxd3+ 78. Kxd3) 76... Bg2 77. Rb1 h3 78. Rb6+ Kg7 {Weighted Error
Value: White=0.24/Black=0.26} 0-1

[Event "FIDE Womens Grand Swiss 2021"]
[Site "Riga"]
[Date "2021.10.27"]
[Round "1.4"]
[White "Harika, Dronavalli"]
[Black "Buksa, Nataliya"]
[Result "1/2-1/2"]
[WhiteElo "2511"]
[BlackElo "2409"]
[Annotator "TA"]
[PlyCount "63"]
[EventDate "2021.10.27"]
[EventType "swiss"]
[EventCountry "LAT"]
[Tiebreak "Cut1 Buchholz+Sonneborn-Berger (Swiss)"]
[SourceTitle "playchess.com"]
[Source "ChessBase"]
[SourceQuality "1"]

{[%evp 9,63,-1,9,8,0,-18,-8,-8,-14,-18,-6,-8,-3,-22,3,-6,8,0,26,0,0,3,6,0,0,0,
0,0,0,-16,-9,-18,0,0,-2,0,0,-7,0,-11,-8,-11,-4,-14,-16,-21,-20,-21,-14,-14,-10,
-22,-11,-20,-12,-31]} 1. d4 d5 2. Nf3 Nf6 3. c3 e6 4. Bf4 Bd6 5. e3 O-O 6. Nbd2
{D02: 1 d4 d5 2 Nf3 sidelines, including 2...Nf6 3 g3 and 2...Nf6 3 Bf4.} c5 7.
Bg3 Qc7 8. dxc5 Qxc5 9. Bd3 Nbd7 10. e4 dxe4 11. Bxe4 (11. Nxe4 {is more
complex.} Nxe4 12. Bxe4 e5 13. Bc2 Nf6 14. Qd2) 11... Qc7 (11... Bxg3 {keeps
more tension.} 12. hxg3 h6 13. O-O Rb8 14. Qe2 b5) 12. Qe2 {[#]} h6 $146 ({
Predecessor:} 12... Nc5 13. Bc2 b6 14. Nc4 Bxg3 15. hxg3 Ba6 16. Qe5 Qxe5+ 17.
Ncxe5 Rad8 18. Nd4 Ncd7 {1/2-1/2 (60) Gumularz,S (2458)-Lopez Mulet,I (2395)
Riga 2018}) 13. Bxd6 Qxd6 14. Rd1 Qc7 {The position is equal.} 15. O-O Rb8 16.
Nd4 a6 17. Rfe1 Nxe4 18. Qxe4 Nc5 19. Qf3 b5 20. Qc6 Qa7 21. Ne4 Nxe4 22. Qxe4
{[#] And now Nc6 would win.} Bb7 23. Qe5 Rbc8 {[%cal Bb8c8,Bc8c5,Bc5g5][%mdl
32]} 24. Rd3 {Threatens to win with Rg3!} Rc5 25. Qe3 {Strongly threatening
Nb3.} Rg5 26. Nf3 Qxe3 27. Rexe3 Rd5 28. Ne1 Rc8 29. a3 Kf8 30. f3 Ke7 31. Kf2
g5 32. Nc2 {A rather calm draw.  Weighted Error Value: White=0.06/Black=0.04}
1/2-1/2

[Event "FIDE Womens Grand Swiss 2021"]
[Site "Riga"]
[Date "2021.10.27"]
[Round "1.5"]
[White "Cyfka, Karina"]
[Black "Shuvalova, Polina"]
[Result "0-1"]
[WhiteElo "2409"]
[BlackElo "2509"]
[Annotator "ChessBase"]
[PlyCount "110"]
[EventDate "2021.10.27"]
[EventType "swiss"]
[EventCountry "LAT"]
[Tiebreak "Cut1 Buchholz+Sonneborn-Berger (Swiss)"]
[SourceTitle "playchess.com"]
[Source "ChessBase"]
[SourceQuality "1"]
[TimeControl "40/6000+30:20/3000+30:900+30"]

1. d4 {[%emt 0:10:06]} Nf6 {[%emt 0:10:10]} 2. c4 {[%emt 0:00:17]} e6 {[%emt 0:
00:06]} 3. Nf3 {[%emt 0:00:20]} d5 {[%emt 0:00:06]} 4. Nc3 {[%emt 0:00:50]}
dxc4 {[%emt 0:00:11]} 5. e3 {[%emt 0:02:04]} a6 {[%emt 0:00:10]} 6. a4 {
[%emt 0:00:15]} b6 {[%emt 0:01:09]} 7. Bxc4 {[%emt 0:02:08]} Bb7 {[%emt 0:00:
08]} 8. O-O {[%emt 0:02:20]} Bb4 {[%emt 0:00:05]} 9. Qe2 {[%emt 0:04:11]} O-O {
[%emt 0:00:50]} 10. Rd1 {[%emt 0:08:05]} Qe7 {[%emt 0:02:30]} 11. Bd3 {[%emt 0:
02:56]} Nbd7 {[%emt 0:00:42]} 12. e4 {[%emt 0:08:04]} e5 {[%emt 0:00:45]} 13.
Bg5 {[%emt 0:11:01]} exd4 {[%emt 0:08:28]} 14. Nd5 {[%emt 0:11:05]} Bxd5 {
[%emt 0:01:31]} 15. exd5 {[%emt 0:00:05]} Qxe2 {[%emt 0:11:10]} 16. Bxe2 {
[%emt 0:00:02]} h6 {[%emt 0:12:40]} 17. Bxf6 {[%emt 0:05:31]} Nxf6 {[%emt 0:00:
34]} 18. Nxd4 {[%emt 0:00:13]} g6 {[%emt 0:02:51]} 19. Bf3 {[%emt 0:06:21]} Bd6
{[%emt 0:01:46]} 20. Nc6 {[%emt 0:07:12]} Rfe8 {[%emt 0:02:02]} 21. Re1 {
[%emt 0:02:01]} g5 {[%emt 0:08:27]} 22. g3 {[%emt 0:02:23]} Kg7 {[%emt 0:02:19]
} 23. Kf1 {[%emt 0:01:18]} g4 {[%emt 0:02:05]} 24. Bg2 {[%emt 0:00:37]} h5 {
[%emt 0:08:24]} 25. a5 {[%emt 0:08:07]} b5 {[%emt 0:03:26]} 26. Rxe8 {[%emt 0:
02:45]} Rxe8 {[%emt 0:00:23]} 27. Re1 {[%emt 0:00:05]} Rh8 {[%emt 0:00:20]} 28.
Nd4 {[%emt 0:02:13]} Nd7 {[%emt 0:05:31]} 29. h3 {[%emt 0:07:30]} Ne5 {[%emt 0:
06:09]} 30. b3 {[%emt 0:00:50]} Kf6 {[%emt 0:01:06]} 31. Re4 {[%emt 0:01:20]}
gxh3 {[%emt 0:04:29]} 32. Bxh3 {[%emt 0:00:24]} Nd3 {[%emt 0:00:16]} 33. Re3 {
[%emt 0:00:47]} Nc5 {[%emt 0:02:22]} 34. Bg2 {[%emt 0:02:57]} h4 {[%emt 0:00:
39]} 35. Rf3+ {[%emt 0:00:35]} Kg6 {[%emt 0:00:36]} 36. g4 {[%emt 0:00:33]} Ne4
{[%emt 0:03:54]} 37. Rf5 {[%emt 0:00:39]} Re8 {[%emt 0:00:49]} 38. Nf3 {
[%emt 0:00:27]} Bg3 {[%emt 0:05:01]} 39. Ne5+ {[%emt 0:00:39]} Rxe5 {[%emt 0:
01:58]} 40. Rxe5 {[%emt 0:00:09]} Nd2+ {[%emt 0:02:35]} 41. Ke2 {[%emt 0:50:08]
} Bxe5 {[%emt 0:50:16]} 42. Kxd2 {[%emt 0:00:06]} Bd6 {[%emt 0:00:00]} 43. Ke2
{[%emt 0:00:00]} Kg5 {[%emt 0:00:00]} 44. Kf3 {[%emt 0:00:00]} Bb4 {[%emt 0:00:
00]} 45. Bf1 {[%emt 0:00:00]} Bxa5 {[%emt 0:00:00]} 46. Bd3 {[%emt 0:00:00]}
Bb6 {[%emt 0:00:00]} 47. Bf5 {[%emt 0:00:00]} Kf6 {[%emt 0:00:00]} 48. Bc8 {
[%emt 0:00:00]} a5 {[%emt 0:00:00]} 49. Bd7 {[%emt 0:00:00]} a4 {[%emt 0:00:00]
} 50. bxa4 {[%emt 0:00:00]} b4 {[%emt 0:00:00]} 51. a5 {[%emt 0:00:00]} Bxa5 {
[%emt 0:00:00]} 52. Kf4 {[%emt 0:00:00]} b3 {[%emt 0:00:00]} 53. g5+ {[%emt 0:
00:00]} Ke7 {[%emt 0:00:00]} 54. Bf5 {[%emt 0:00:00]} Kd6 {[%emt 0:00:00]} 55.
Ke4 {[%emt 0:00:38]} b2 {[%emt 0:00:00]} 0-1

[Event "FIDE Womens Grand Swiss 2021"]
[Site "Riga"]
[Date "2021.10.27"]
[Round "1.6"]
[White "Abdumalik, Zhansaya"]
[Black "Garifullina, Leya"]
[Result "1/2-1/2"]
[WhiteElo "2507"]
[BlackElo "2409"]
[Annotator "ChessBase"]
[PlyCount "130"]
[EventDate "2021.10.27"]
[EventType "swiss"]
[EventCountry "LAT"]
[Tiebreak "Cut1 Buchholz+Sonneborn-Berger (Swiss)"]
[SourceTitle "playchess.com"]
[Source "ChessBase"]
[SourceQuality "1"]
[TimeControl "40/6000+30:20/3000+30:900+30"]

1. e4 {[%emt 0:10:03]} c5 {[%emt 0:10:08]} 2. Nf3 {[%emt 0:00:14]} d6 {[%emt 0:
00:10]} 3. d4 {[%emt 0:00:04]} cxd4 {[%emt 0:00:10]} 4. Nxd4 {[%emt 0:00:03]}
Nf6 {[%emt 0:00:09]} 5. Nc3 {[%emt 0:00:04]} a6 {[%emt 0:00:12]} 6. a4 {
[%emt 0:00:04]} e5 {[%emt 0:08:36]} 7. Nf3 {[%emt 0:00:09]} Be7 {[%emt 0:00:35]
} 8. g3 {[%emt 0:01:18]} O-O {[%emt 0:05:38]} 9. Bg2 {[%emt 0:00:15]} Be6 {
[%emt 0:01:34]} 10. O-O {[%emt 0:01:37]} Nc6 {[%emt 0:01:05]} 11. Nh4 {[%emt 0:
00:23]} Nd4 {[%emt 0:04:50]} 12. Re1 {[%emt 0:00:07]} Rb8 {[%emt 0:12:39]} 13.
a5 {[%emt 0:16:08]} b6 {[%emt 0:04:28]} 14. axb6 {[%emt 0:01:04]} Qxb6 {
[%emt 0:00:17]} 15. Qd3 {[%emt 0:08:26]} Ng4 {[%emt 0:10:37]} 16. Rf1 {[%emt 0:
08:57]} Rfc8 {[%emt 0:06:58]} 17. Ra4 {[%emt 0:10:48]} Bxh4 {[%emt 0:09:28]}
18. gxh4 {[%emt 0:00:07]} Qc6 {[%emt 0:00:38]} 19. Qd1 {[%emt 0:08:27]} Nf6 {
[%emt 0:02:40]} 20. Ra3 {[%emt 0:02:56]} Qd7 {[%emt 0:05:56]} 21. Re1 {[%emt 0:
03:21]} Rc6 {[%emt 0:03:24]} 22. Re3 {[%emt 0:04:29]} Kh8 {[%emt 0:00:42]} 23.
Rg3 {[%emt 0:01:57]} Bg4 {[%emt 0:02:20]} 24. f3 {[%emt 0:08:59]} Be6 {[%emt 0:
02:31]} 25. Bf1 {[%emt 0:00:18]} d5 {[%emt 0:03:00]} 26. h3 {[%emt 0:10:01]} h6
{[%emt 0:02:32]} 27. Kh2 {[%emt 0:03:47]} Nh5 {[%emt 0:01:50]} 28. Rg1 {
[%emt 0:00:09]} dxe4 {[%emt 0:00:25]} 29. fxe4 {[%emt 0:00:16]} Nf4 {[%emt 0:
00:20]} 30. Rg3 {[%emt 0:02:30]} Qe7 {[%emt 0:04:30]} 31. Ra5 {[%emt 0:03:04]}
Qxh4 {[%emt 0:01:05]} 32. Rxe5 {[%emt 0:01:17]} Rd8 {[%emt 0:00:44]} 33. Bd2 {
[%emt 0:03:58]} Rcd6 {[%emt 0:02:23]} 34. Nd5 {[%emt 0:00:14]} Nxd5 {[%emt 0:
01:50]} 35. exd5 {[%emt 0:00:10]} Bxd5 {[%emt 0:01:52]} 36. Bc3 {[%emt 0:01:49]
} Ba8 {[%emt 0:00:54]} 37. Bd3 {[%emt 0:00:40]} Qf4 {[%emt 0:00:19]} 38. Bxd4 {
[%emt 0:00:42]} Rxd4 {[%emt 0:00:19]} 39. Qe2 {[%emt 0:00:30]} g6 {[%emt 0:00:
43]} 40. Ree3 {[%emt 0:00:20]} h5 {[%emt 0:00:28]} 41. Kg1 {[%emt 0:50:21]} Qf6
{[%emt 0:51:01]} 42. Re8+ {[%emt 0:00:00]} Kg7 {[%emt 0:00:00]} 43. Re7 {
[%emt 0:00:00]} Kf8 {[%emt 0:00:00]} 44. Qe5 {[%emt 0:00:00]} Qxe5 {[%emt 0:00:
00]} 45. Rxe5 {[%emt 0:00:00]} R8d6 {[%emt 0:00:00]} 46. Kf2 {[%emt 0:00:00]}
Bd5 {[%emt 0:00:00]} 47. c3 {[%emt 0:00:00]} Ra4 {[%emt 0:00:00]} 48. b4 {
[%emt 0:00:00]} Be6 {[%emt 0:00:00]} 49. Ke3 {[%emt 0:00:00]} Ra3 {[%emt 0:00:
00]} 50. Rc5 {[%emt 0:00:00]} Kg7 {[%emt 0:00:00]} 51. Rc7 {[%emt 0:00:00]} Kf6
{[%emt 0:00:00]} 52. Rc5 {[%emt 0:00:00]} Ra1 {[%emt 0:00:00]} 53. Rf3+ {
[%emt 0:00:00]} Kg7 {[%emt 0:00:00]} 54. Rc7 {[%emt 0:04:13]} Rh1 {[%emt 0:00:
00]} 55. c4 {[%emt 0:00:52]} Rb6 {[%emt 0:01:11]} 56. b5 {[%emt 0:01:10]} axb5
{[%emt 0:00:03]} 57. cxb5 {[%emt 0:00:04]} Bd5 {[%emt 0:01:07]} 58. Rf2 {
[%emt 0:00:41]} Rxh3+ {[%emt 0:00:06]} 59. Kd4 {[%emt 0:00:03]} Rxd3+ {[%emt 0:
00:45]} 60. Kxd3 {[%emt 0:00:06]} Rxb5 {[%emt 0:00:03]} 61. Kd4 {[%emt 0:15:05]
} Be6 {[%emt 0:15:21]} 62. Re2 {[%emt 0:00:04]} Kh6 {[%emt 0:00:24]} 63. Rf2 {
[%emt 0:00:39]} h4 {[%emt 0:00:40]} 64. Ke4 {[%emt 0:00:03]} g5 {[%emt 0:00:23]
} 65. Rf6+ {[%emt 0:00:06]} Kh5 {[%emt 0:00:02]} 1/2-1/2

[Event "FIDE Womens Grand Swiss 2021"]
[Site "Riga"]
[Date "2021.10.27"]
[Round "1.7"]
[White "Sukandar, Irine Kharisma"]
[Black "Lei, Tingjie"]
[Result "0-1"]
[WhiteElo "2406"]
[BlackElo "2505"]
[Annotator "TA"]
[PlyCount "46"]
[EventDate "2021.10.27"]
[EventType "swiss"]
[EventCountry "LAT"]
[Tiebreak "Cut1 Buchholz+Sonneborn-Berger (Swiss)"]
[SourceTitle "playchess.com"]
[Source "ChessBase"]
[SourceQuality "1"]

{[%evp 12,46,21,10,64,-2,-2,-4,0,-70,-69,-63,-77,-69,-54,-66,-59,-57,-54,-89,
-89,-81,-86,-86,-78,-116,-110,-183,-183,-1235,-1227,-1206,-1228,-1464,-1450,
-2067,-1757]} 1. e4 e5 2. Nf3 Nc6 3. Bb5 a6 4. Ba4 Nf6 5. O-O Bc5 6. Nc3 b5 7.
Bb3 d6 {C77: Ruy Lopez: 3...a6 4 Ba4 Nf6, unusual lines.} (7... O-O $11) 8. a4
(8. Nd5 $1 $14) 8... Bg4 $11 9. axb5 Nd4 {The position is equal.} 10. d3 (10.
Bc4 $11) 10... axb5 $15 11. Rxa8 Qxa8 {[#]} 12. Be3 $146 ({Predecessor:} 12.
Nd5 Qc8 13. c3 Nxf3+ 14. gxf3 Bh5 15. Kg2 c6 16. Ne3 Bg6 17. d4 Ba7 18. dxe5
dxe5 {1-0 (64) Nosacheva,M (2243)-Agrest,I (2286) Moscow 2019}) 12... Bxf3 13.
gxf3 c6 14. Bxd4 Bxd4 15. Qa1 Qc8 16. Ne2 Bb6 17. Ng3 g6 18. Qc1 Qh3 {...h5 is
the strong threat.} 19. Qg5 {[#]} (19. Qd2 $17) 19... Ke7 $1 $19 {White must
now prevent ...h6.} 20. c3 $2 (20. Ne2) 20... h6 {Black is clearly winning.}
21. Qd2 Nh5 22. Ne2 g5 {( -> ...Nf4)} 23. Qd1 Rg8 {White did not feel at home
in the position after the opening.  Weighted Error Value: White=1.01/Black=0.07
} 0-1